00882nam a22001577a 4500008004100000082001900041100003900060245009000099260004900189300002300238505022500261650007000486700003900556999001300595952011600608150318b xxu||||| |||| 00| 0 eng d a708.946bI597m a Ángeles Villalba Salvador92228 aMercado del Arte y Coleccionismo en España (1980-1995)cÁngeles Villalba Salvador aMadridbInstituto de Crédito Oficialc1996 a186 p.billc24 cm tPresentacion tEl mercado del arte tColeccionismotColeccionismo publico tLa politica oficial y el arte contemporaneo 1980 y 1995tMuseos y colecciones de artes publicas tMuseos monográficos tColeccionismo privado  aArte, ColeccionismovMercado del arte y1980-1995zEspaña92229 a Ángeles Villalba Salvador92230 c465d465 00102ddc4070aLVbLVcPensamientod2015-03-18l0o708.946 I597mp000399r2015-03-18 00:00:00w2015-03-18y01